000 00469cam a22001932a 4500
001 024912
003 AR-FADEU
008 311216n1966####xxu####################dd
092 _a307.2
_bM261
_eBDT
100 _aMalthus, Thomas Robert
245 _aPrimer ensayo sobre la población
260 _aMadrid
260 _bAlianza
260 _c1966
300 _a317 p
440 _aEl libro de bolsillo,clásicos
_n15
650 _aPOBLACION/BDT/
942 _cBDT
999 _c30598
_d30598